Capitals of Territories in the Americas - Statistics

General Stats
  • This quiz has been taken 13 times
  • The average score is 14 of 22
Answer Stats
Territory Capital % Correct
French Guiana Cayenne
100%
Greenland Nuuk
100%
Puerto Rico San Juan
100%
Curacao Willemstad
100%
Martinique Fort-de-France
88%
Bermuda Hamilton
88%
Saint Pierre and Miquelon Saint-Pierre
88%
Falkland Islands Stanley
88%
Guadeloupe Basse-Terre
63%
Turks and Caicos Islands Cockburn Town
63%
Aruba Oranjestad
63%
Anguilla The Valley
63%
US Virgin Islands Charlotte Amalie
50%
Cayman Islands George Town
50%
British Virgin Islands Road Town
50%
Bonaire Kralendijk
38%
Saint Martin (France) Marigot
38%
Sint Maarten (Netherlands) Philipsburg
38%
Montserrat Plymouth, Brades
38%
Saint Barthelemy Gustavia
25%
Saba The Bottom
25%
Galapagos Islands Puerto Baquerizo Moreno
13%
No matching quizzes found
Score Distribution
Percent of People with Each Score
Percentile by Number Answered
Your Score History
You have not taken this quiz